Highest Black Population - Statistics

General Stats
  • This quiz has been taken 97 times
  • The average score is 8 of 10
Answer Stats
Population Country % Correct
45,000,000 United States
100%
1,900,000 United Kingdom
94%
80,000,000 Brazil
92%
5,000,000 France
91%
4,800,000 Colombia
81%
2,600,000 Venezuela
73%
9,000,000 Haiti
72%
7,800,000 Dominican Republic
60%
2,900,000 Jamaica
60%
1,200,000 Trinidad and Tobago
32%
No matching quizzes found
Score Distribution
Percent of People with Each Score
Percentile by Number Answered
Your Score History
You have not taken this quiz